Malováno na skle : lidová hra se zpěvy o 3 dějstvích /

Hlavní autor: Bryll, Ernest, 1935-2024
Další autoři: Gärtner, Katarzyna, 1942-, Janišová, Mojmíra, 1920-1986, Ornest, Ota, 1913-2002
Jazyk: Čeština
Vydáno: Praha : Dilia, 1972
Témata:
Fyzický popis: 62 s. ; 28 cm
Knihy
Uloženo v:
LEADER 01195nam a22003132a 4500
001 001768365
003 CZ BrMZK
005 20200914085103.0
007 ta
008 200914s1972 xr er|||||||||||cze d
015 |a cnb000435742 
020 |q (Brož.) :  |c Kčs 10,00 
040 |a ABA001  |b cze  |c PNA001  |d ABA001  |d BOA001 
041 1 |a cze  |h pol 
072 7 |a 821.162.1  |x Polská literatura  |2 Konspekt  |9 25 
100 1 |a Bryll, Ernest,  |d 1935-2024  |7 ola2002157678  |4 aut 
245 1 0 |a Malováno na skle :  |b lidová hra se zpěvy o 3 dějstvích /  |c Ernest Bryll ; z pol. orig. ... přel. Mojmíra Janišová a Ota Ornest ; [hudba Kateřina Gärtnerová] 
260 |a Praha :  |b Dilia,  |c 1972 
300 |a 62 s. ;  |c 28 cm 
655 7 |a polská dramata  |7 fd133079  |2 czenas 
655 7 |a divadelní hry  |7 fd132028  |2 czenas 
700 1 |a Gärtner, Katarzyna,  |d 1942-  |7 xx0036807  |4 cmp 
700 1 |a Janišová, Mojmíra,  |d 1920-1986  |7 jk01050965  |4 trl 
700 1 |a Ornest, Ota,  |d 1913-2002  |7 jk01091258  |4 trl 
765 0 |t Na szkłe malowane  |9 Česky 
910 |a BOA001  |b 3-0677.717 
990 |a BK 
991 |b 202009 
996 6 |b 2618896673  |c 3-0677.717  |l MZK  |r Sklad / do 1 hodiny  |n 0  |w 001825906  |u 000010  |a 1  |e BOA001  |j MZK50  |s P